[Event "Helsinki Chess Circuit"]
[Site "?"]
[Date "2001.02.21"]
[Round "10"]
[White "Kiik, Kalle"]
[Black "Keskinen, Sauli"]
[Result "1/2-1/2"]
[WhiteElo "2450"]
[BlackElo "2252"]
[PlyCount "111"]
[EventDate "2001.02.12"]

1. e4 c5 2. Nf3 Nc6 3. c3 d5 4. exd5 Qxd5 5. d4 Bg4 6. Be2 O-O-O 7. c4 Qh5 8.
d5 e6 9. O-O Bd6 10. h3 Ne5 11. Nc3 exd5 12. Nxd5 Nf6 13. Nf4 Nxf3+ 14. Bxf3
Bxf3 15. Qxf3 Qxf3 16. gxf3 Bxf4 17. Bxf4 Rd3 18. Be3 b6 19. Rfd1 Rhd8 20. Rxd3
Rxd3 21. Kf1 Nd7 22. Ke2 Rd6 23. Rg1 g6 24. f4 f5 25. a3 Nf6 26. f3 Nd7 27. b3
Kc7 28. Bd2 Re6+ 29. Kf2 Kc6 30. Bc3 a6 31. a4 Rd6 32. Ke2 b5 33. axb5+ axb5
34. cxb5+ Kxb5 35. h4 Nb6 36. Ra1 Nd5 37. Bd2 Re6+ 38. Kd3 Rd6 39. Kc2 Ra6 40.
Rd1 Nb4+ 41. Bxb4 Kxb4 42. Rd7 Ra2+ 43. Kd3 Rf2 44. Rb7+ Ka3 45. Rxh7 Kxb3 46.
Rb7+ Ka3 47. Rb6 Rxf3+ 48. Kc4 Rxf4+ 49. Kxc5 Rg4 50. Kd5 Ka4 51. Ke5 Ka5 52.
Rf6 Kb4 53. h5 Re4+ 54. Kd5 gxh5 55. Rxf5 Rc4 56. Rf1 1/2-1/2

[Event "Helsinki Chess Circuit ELO"]
[Site "?"]
[Date "2001.02.21"]
[Round "10"]
[White "Lardot, Derik"]
[Black "Ciuksyte, Zivile"]
[Result "1/2-1/2"]
[WhiteElo "2054"]
[BlackElo "2098"]
[PlyCount "97"]
[EventDate "2001.02.12"]

1. e4 c5 2. c3 Nf6 3. e5 Nd5 4. Bc4 Nb6 5. Bb3 c4 6. Bc2 Nc6 7. Nf3 d5 8. exd6
Qxd6 9. d4 cxd3 10. Qxd3 e5 11. O-O Qxd3 12. Bxd3 Bd6 13. Re1 O-O 14. Bb5 Re8
15. Nbd2 a6 16. Nc4 Nxc4 17. Bxc4 h6 18. Be3 Be7 19. Rad1 Bg4 20. Bd5 Bxf3 21.
Bxf3 e4 22. Be2 Rad8 23. f3 exf3 24. Rxd8 Bxd8 25. Bxf3 Bb6 26. Kf2 Ne5 27. Rd1
Bxe3+ 28. Kxe3 Nc4+ 29. Kd4 Nxb2 30. Rb1 Rd8+ 31. Bd5 Na4 32. c4 b5 33. cxb5
Nb6 34. bxa6 Nxd5 35. Kc5 Ra8 36. Kxd5 Rxa6 37. Rb2 Kh7 38. Kc4 Ra8 39. Kb3
Rb8+ 40. Kc2 Ra8 41. Kb1 f5 42. Rb4 g5 43. a4 Kg6 44. Ka2 h5 45. h3 Rf8 46.
Rb6+ Kg7 47. Rb7+ Kg6 48. Rb6+ Kg7 49. Rb7+ 1/2-1/2

[Event "Helsinki Chess Circuit ELO"]
[Site "?"]
[Date "2001.02.21"]
[Round "10"]
[White "Lako, Mika"]
[Black "Turtiainen, Tauno"]
[Result "1-0"]
[WhiteElo "2174"]
[BlackElo "2000"]
[PlyCount "53"]
[EventDate "2001.02.12"]

1. d4 Nf6 2. c4 g6 3. Nc3 Bg7 4. e4 d6 5. Nf3 O-O 6. Be2 e5 7. O-O Nc6 8. d5
Ne7 9. Nd2 Ne8 10. b4 f5 11. a4 Nf6 12. Ba3 f4 13. c5 Rf7 14. Nc4 g5 15. b5 Ne8
16. a5 Ng6 17. b6 axb6 18. axb6 dxc5 19. Bxc5 Rxa1 20. Qxa1 f3 21. Bxf3 Rxf3
22. gxf3 Qf6 23. Qa8 Bd7 24. bxc7 Nh4 25. Qxe8+ Bxe8 26. c8=Q Nxf3+ 27. Kh1 1-0

[Event "Helsinki Chess Circuit"]
[Site "?"]
[Date "2001.02.22"]
[Round "11"]
[White "Keskinen, Sauli"]
[Black "Molander, Riku"]
[Result "1/2-1/2"]
[WhiteElo "2252"]
[BlackElo "2314"]
[PlyCount "41"]
[EventDate "2001.02.12"]

1. e4 c5 2. Nc3 Nc6 3. g3 g6 4. Bg2 Bg7 5. d3 d6 6. f4 e6 7. Nf3 Nge7 8. O-O
O-O 9. Be3 Nd4 10. e5 Bd7 11. Ne4 Nef5 12. Bf2 Nxf3+ 13. Bxf3 Bc6 14. c3 h5 15.
h3 dxe5 16. g4 hxg4 17. hxg4 exf4 18. gxf5 exf5 19. Nxc5 Qg5+ 20. Kh2 Qh6+ 21.
Kg2 1/2-1/2

[Event "Helsinki Chess Circuit"]
[Site "?"]
[Date "2001.02.22"]
[Round "11"]
[White "Kekki, Petri"]
[Black "Nybaeck, Tomi"]
[Result "0-1"]
[WhiteElo "2297"]
[BlackElo "2211"]
[PlyCount "60"]
[EventDate "2001.02.12"]

1. d4 Nf6 2. c4 c5 3. d5 b5 4. cxb5 a6 5. e3 axb5 6. Bxb5 Qa5+ 7. Nc3 Bb7 8.
Nge2 Nxd5 9. O-O Nxc3 10. Nxc3 e6 11. e4 Be7 12. a4 O-O 13. Bf4 Qd8 14. Bd6 Nc6
15. e5 Nd4 16. Qh5 Bxd6 17. exd6 f5 18. Rfd1 Rf6 19. Rd3 Rh6 20. Qd1 f4 21. f3
Qh4 22. h3 Rg6 23. Kh1 Rxg2 24. Kxg2 Qg3+ 25. Kf1 Qxh3+ 26. Ke1 Bxf3 27. Rxf3
Nxf3+ 28. Kf2 Qg3+ 29. Kf1 Qg1+ 30. Ke2 Qg2+ 0-1

[Event "Helsinki Chess Circuit"]
[Site "?"]
[Date "2001.02.22"]
[Round "11"]
[White "Norri, Joose"]
[Black "Luukkonen, Tommi"]
[Result "1-0"]
[WhiteElo "2398"]
[BlackElo "2158"]
[PlyCount "49"]
[EventDate "2001.02.12"]

1. e4 c5 2. Nf3 e6 3. c4 a6 4. Nc3 d6 5. d4 cxd4 6. Nxd4 g6 7. Be2 Bg7 8. O-O
Ne7 9. Bg5 b6 10. Qd2 Ra7 11. Rad1 Rd7 12. f4 e5 13. Nc2 f6 14. Bh4 exf4 15.
Bg4 Rb7 16. Bxc8 Nxc8 17. e5 g5 18. Qd5 Rf7 19. e6 Rc7 20. Bf2 Nc6 21. Rfe1
N6e7 22. Qd3 O-O 23. Nb4 Nc6 24. Nxc6 Rxc6 25. e7 1-0

[Event "Helsinki Chess Circuit"]
[Site "?"]
[Date "2001.02.22"]
[Round "11"]
[White "Pirttimaeki, Timo"]
[Black "Van Hoolandt, Patrick"]
[Result "1/2-1/2"]
[WhiteElo "2257"]
[BlackElo "2211"]
[PlyCount "157"]
[EventDate "2001.02.12"]

1. e4 e5 2. f4 exf4 3. Bc4 d5 4. exd5 Qh4+ 5. Kf1 Bd6 6. d4 Ne7 7. Nc3 O-O 8.
Nf3 Qh5 9. Bb3 Bg4 10. Nb5 Nxd5 11. Nxd6 cxd6 12. Bxd5 Qxd5 13. Bxf4 Nc6 14. c3
Rfe8 15. Kf2 Re6 16. Re1 g5 17. c4 Rxe1 18. cxd5 Rxd1 19. Rxd1 gxf4 20. dxc6
bxc6 21. Re1 Be6 22. a3 a5 23. Ng5 Bd5 24. Ne4 Rb8 25. Nf6+ Kg7 26. Nxd5 cxd5
27. b4 axb4 28. Rb1 b3 29. Kf3 b2 30. Kxf4 Rb3 31. a4 Kf6 32. a5 Rd3 33. Rxb2
Rxd4+ 34. Kf3 Rd3+ 35. Kf4 Rd4+ 36. Kf3 Ra4 37. Rb6 Ke6 38. a6 Ra2 39. h4 h5
40. g3 Ra3+ 41. Kf4 f6 42. Rb8 Ra4+ 43. Kf3 Ra3+ 44. Kf4 Rxa6 45. Re8+ Kf7 46.
Rh8 Kg6 47. Rg8+ Kf7 48. Rh8 Kg6 49. Rg8+ Kh7 50. Rd8 d4 51. Ke4 Kg6 52. Kxd4
Kf5 53. Ke3 Ra3+ 54. Kf2 Ra2+ 55. Kf3 Ra3+ 56. Kf2 Ke6 57. Re8+ Kf7 58. Rh8 Kg6
59. Rg8+ Kh7 60. Rd8 Rd3 61. Ra8 Kg7 62. Rd8 Kf7 63. Rh8 Kg6 64. Rg8+ Kf5 65.
Rh8 Kg4 66. Rg8+ Kh3 67. Rg6 d5 68. Rxf6 Rxg3 69. Rf5 Kxh4 70. Rxh5+ Kxh5 71.
Kxg3 Kg5 72. Kf3 Kf5 73. Ke3 Ke5 74. Kd3 d4 75. Kd2 Ke4 76. Ke2 d3+ 77. Kd2 Kd4
78. Kd1 d2 79. Kxd2 1/2-1/2